000
00270nam a22001217a 4500
082
_a
540 HUM'C
100
_a
HUM, R
_9
79933
245
_a
CHEMISTRY FOR ENGINEERING STUDENTS
250
_a
2nd
260
_a
LONDON
_b
CHARLES GRIFFIN
_c
1959
300
_a
857P
942
_c
BK
999
_c
584912
_d
584912